| 000 | 00391nam a2200157Ia 4500 | ||
|---|---|---|---|
| 008 | 230524s9999 xx 000 0 und d | ||
| 082 |
_a621.381 _bMAI |
||
| 100 | _aA.K.Maini | ||
| 245 | 0 | _aMicrowaves and Radar Principles and Applications | |
| 250 | _a3RD | ||
| 260 |
_aNEW DELHI _bKhanna _c2004 |
||
| 300 | _a726 | ||
| 500 | _aQuantity Number: 2 | ||
| 650 | _aElectronics | ||
| 942 | _cBK | ||
| 999 |
_c16868 _d16868 |
||